Principles of organizational behavior . (رقم التسجيلة. 29887)

تفاصيل مارك
000 -الفاتح
حقل البيانات ثابتة الطول 00823nam a22002537a 4500
003 - محدد رقم الضبط
رقم الضبط OSt
005 - وقت وتاريخ اخر تعامل مع التسجيلة
رقم الضبط 20150408114133.0
008 - عناصر البيانات ثابتة الطول - معلومات عامة
حقل البيانات ثابتة الطول 100630s2011 ohua b 001 0 eng d
020 ## - الرقم الدولى المعيارى للكتب
الرقم الدولى المعيارى للكتاب 9780538743341
040 ## - مصدر الفهرسة
وكالة الفهرسة الأصلية Ma_ua
082 ## - رقم تصنيف ديوى العشرى
رقم الطبعة 22
رقم التصنيف 302.35
رقم المادة SJP
100 ## - المدخل الرئيسى - إسم شخصى
الإسم الشخصى Slocum, John W.
9 (RLIN) 35673
245 ## - بيان العنوان
العنوان Principles of organizational behavior .
بيان المسئوليه,etc John Slocum, Don Hellriegel
250 ## - بيان الطبعة
بيان الطبعة 13th ed.
260 ## - PUBLICATION, DISTRIBUTION, ETC. (IMPRINT)
مكان الناشر او الموزع Mason, Ohio] : .
اسم الناشر او الموزع South-Western,
تاريخ النشر أو التوزيع 2011
300 ## - الوصف المادى
التعداد 1 v. (various pagings) :
تفاصيل ماديه اخرى للوعاء ill.
أبعاد الوعاء 28 cm
500 ## - تبصرة عامة
تبصرة عامة Previous ed.: 2009.
500 ## - تبصرة عامة
تبصرة عامة "International edition"--Cover.
504 ## - تبصرة ببليوجرافية
تبصرة ببليوجرافية,الخ Includes bibliographical references and index.
650 ## - المدخل الاضافى بالموضوع-مصطلح موضوعى
مصطلح موضوعي أو اسم جغرافي كعنصر مدخل Organizational behavior.
9 (RLIN) 6066
650 ## - المدخل الاضافى بالموضوع-مصطلح موضوعى
مصطلح موضوعي أو اسم جغرافي كعنصر مدخل Management and Business Studies |2 blcoll
9 (RLIN) 35674
700 ## - المدخل الاضافى - اسم شخصى
الإسم الشخصى Hellriegel, Don.
9 (RLIN) 35675
942 ## - عناصر المدخل الإضافي( كوها)
مصدر التصنيف او مخطط الترفيف Dewey Decimal Classification
Koha [default] item type كتاب
المقتنيات
حالة الفقد نموذج السعر الفعال حالة تلف ليس للاعارة رقم الطلب رقم النسخة تاريخ الاكتساب الموقع الحالي الباركود الفرع الرئيسي Date last seen نوع المادة فى نظام كوها مصدر التصنيف او خطة الترفيف Total Checkouts
  2013-04-27   Not For Loan 302.35 SJP 1 2013-04-27 المكتبة المركزية بالمجمعة (CL) 00306612 المكتبة المركزية بالمجمعة (CL) 2013-04-27 كتاب Dewey Decimal Classification  
  2013-04-27     302.35 SJP 2 2013-04-27 المكتبة المركزية بالمجمعة (CL) 00306889 المكتبة المركزية بالمجمعة (CL) 2013-04-27 كتاب Dewey Decimal Classification  
  2013-04-27     302.35 SJP 3 2013-04-27 المكتبة المركزية بالمجمعة (CL) 00306890 المكتبة المركزية بالمجمعة (CL) 2013-04-27 كتاب Dewey Decimal Classification  
  2013-04-27   Not For Loan 302.35 SJP 1 2013-04-27 مكتبة كلية العلوم و الدراسات الإنسانية برماح - طالبات (SRF) 00306885 مكتبة كلية العلوم و الدراسات الإنسانية برماح - طالبات (SRF) 2013-04-27 كتاب Dewey Decimal Classification  
  2013-04-27     302.35 SJP 2 2013-04-27 مكتبة كلية العلوم و الدراسات الإنسانية برماح - طالبات (SRF) 00306886 مكتبة كلية العلوم و الدراسات الإنسانية برماح - طالبات (SRF) 2013-04-27 كتاب Dewey Decimal Classification  
  2013-04-27   Not For Loan 302.35 SJP 1 2013-04-27 مكتبة كلية العلوم و الدراسات الإنسانية برماح - طلاب (SRM) 00306888 مكتبة كلية العلوم و الدراسات الإنسانية برماح - طلاب (SRM) 2013-04-27 كتاب Dewey Decimal Classification  
  2013-04-27     302.35 SJP 2 2013-04-27 مكتبة كلية العلوم و الدراسات الإنسانية برماح - طلاب (SRM) 00306887 مكتبة كلية العلوم و الدراسات الإنسانية برماح - طلاب (SRM) 2013-04-27 كتاب Dewey Decimal Classification  
  2013-04-27   Not For Loan 302.35 SJP 1   مكتبة مجمع الطالبات بالمجمعة (EMF) 00306883 مكتبة مجمع الطالبات بالمجمعة (EMF) 2013-04-27 كتاب Dewey Decimal Classification  
  2013-04-27     302.35 SJP 2   مكتبة مجمع الطالبات بالمجمعة (EMF) 00306884 مكتبة مجمع الطالبات بالمجمعة (EMF) 2013-04-27 كتاب Dewey Decimal Classification